Gezi parkı direnişi (Record no. 9765)

MARC details
000 -BAŞLIK
Sabit Uzunlukta Kontrol Alanı 00879na a2200289 4500
001 - KONTROL NUMARASI
Denetim Alanı 23130
003 - KONTROL NUMARASI IDENTIFIER
Denetim Alanı MIRAKIL
005 - SON İŞLEM TARİHİ VE ZAMANI
Denetim Alanı 20181213155256.0
008 - SABİT-BOY VERİ ELEMANLARI - GENEL BİLGİLER
Sabit Uzunlukta Kontrol Alanı 170719b tu 000 0
020 ## - ULUSLARARASI STANDART KİTAP NUMARASI
Uluslararası Standart Kitap Numarası 9786055892814
040 ## - KATALOGLAMA KAYNAK
Orijinal Kataloglama Ajansı Milas
Kataloglama Dili tur
Metne Dönüştürmek Ajansı TR-AnCHP
041 ## - DİL KODU
Metin / Ses Parça Veya Ayrı Başlığın Dil Kodu tur
082 ## - DEWEY ONLU SINIFLANDIRMA NUMARASI
Sınıflandırma Numarası 322.4
Ürün Numarası E62g 2013
090 ## - SINIFLAMA NUMARASI
Sınıflama Numarası 322.4 E62g 2013
100 ## - ANA GİRİŞ - KİŞİSEL İSİM
Kişisel Ad Erdemol, Mustafa K.
245 ## - BAŞLIK TABLOSU
Başlık Gezi parkı direnişi
Başlığın Kalan Küçük bahçede büyük kıyamet
Sorumluluk Tablosu, Vb Mustafa K. Erdemol
246 ## - UNVAN FORM VARYING
Başlık Doğru / Kısa Başlığı Küçük bahçede büyük kıyamet
260 ## - YAYIN, DAĞITIM, VB
Yayın, Dağıtım, Vb Yeri İstanbul
Yayıncı, Dağıtıcı, Vs Adı Yazılama yayınevi
Yayın, Dağıtım, Vb Tarihi 2013
300 ## - FİZİKSEL TANIM
Kapsam 95 s.
Diğer Fiziksel Ayrıntıları fotğ.
Boyutlar 21 sm.
440 ## - SERİSİ TABLOSU / KATMA GİRİŞİ - BAŞLIK
Başlık Yazılama yayınevi
Hacim / Ardışık Tanımı 75
490 ## - SERİSİ TABLOSU
Seri Beyanı Türkiye yazıları
Hacim / Ardışık Tanımı 18
650 ## - KONU KATMA GİRİŞ - TOPİKAL DÖNEM
Topikal Süreli Veya Coğrafi Ad Giriş Elemanı Toplumsal olaylar
Genel Alt Bölümü Gezi Parkı Olayları
650 ## - KONU KATMA GİRİŞ - TOPİKAL DÖNEM
Topikal Süreli Veya Coğrafi Ad Giriş Elemanı Gezi direnişi
650 ## - KONU KATMA GİRİŞ - TOPİKAL DÖNEM
Topikal Süreli Veya Coğrafi Ad Giriş Elemanı Gezi parkı olayları
740 ## - KATMA GİRİŞ - KONTROLSUZ İLGİLİ / ANALİTİK BAŞLIK
Kontrol Edilmeyen / İlgili Analitik Başlıktaki Küçük bahçede büyük kıyamet
942 ## - EKLENDİ GİRİŞ ELEMANLARI (KOHA)
Sınıflandırma Veya Raf Düzeni Kaynak Dewey Decimal Classification
Koha Öğesi Türü Books
999 ## - SİSTEM KONTROL NUMARALARI (KOHA)
Koha Biblionumber 9765
Koha Biblioitemnumber 9765
Holdings
Kalıcı Konum Mevcut Konum Edinme Tarihi Edinim Kaynak Toplam Check-Out'Lar Tam Çağrı Numarası Barkod Tarih Son Görülme İtibaren Geçerli Fiyatlar Koha Öğesi Türü
CHP Kütüphanesi CHP Kütüphanesi 07/19/2017 Bağış   322.4 E62g 2013 017106 07/19/2017 07/19/2017 Books